01333nam a2200277 a 450000100100000000500170001000800410002702000180006804000250008608200180011124501200012926000360024930000280028550000780031350400680039159000260045965000710048565000540055665000390061065000730064970000420072291000370076495201160080195201210091799900170103800002624320200930024426.0110307s2007 dr a 000 0 spa d a9789945160963 aDO-SdBNPbspacBNPHU a928.61bN234e03aLa narrativa de escritoras dominicanas contemporáneas :breseñas y entrevistas /cDoralina A. Martínez Conde. aSanto Domingo :bBúho,c2007. a188 p. :bil. ;c23 cm. aIncluye datos biográficos de la compiladora en la solapa de la portada. aIncluye referencias bibliográficas al final de los capitulos. aInventariado, 2020/BT 4aAutoras dominicanasySIGLO XXxCrítica e interpretación953267 4aAutoras dominicanasySIGLO XXxEntrevistas953268 4aNovela dominicanaySIGLO XX953269 4aLiteratura dominicanaySIGLO XXxCrítica y interpretación95327012aMartínez Conde, Doralina A.,953271 aValidado. Control de calidad MFF 0010718PDaPDbPDcHDd2011-03-07iLF1l0o928.61 N234ep26243-10r2020-06-25w2020-06-25yLFPDZNo se presta 0010718PDaPDbPDcHDd2011-03-07iLF1l0o928.61 N234ep26243-20r2020-06-25te.2w2020-06-25yLFPDZNo se presta c25735d25735